Security in the gulf : (Record no. 15888)
[ view plain ]
| 000 -LEADER | |
|---|---|
| fixed length control field | 02090nam a2200289 a 4500 |
| 001 - CONTROL NUMBER | |
| control field | ASIN041558776X |
| 005 - DATE AND TIME OF LATEST TRANSACTION | |
| control field | 20170105102927.0 |
| 008 - FIXED-LENGTH DATA ELEMENTS--GENERAL INFORMATION | |
| fixed length control field | 131212s2010 xxu eng d |
| 020 ## - INTERNATIONAL STANDARD BOOK NUMBER | |
| International Standard Book Number | 041558776X (hardcover) |
| Terms of availability | $135.00 |
| 020 ## - INTERNATIONAL STANDARD BOOK NUMBER | |
| International Standard Book Number | 9780415587761 (hardcover) |
| 040 ## - CATALOGING SOURCE | |
| Original cataloging agency | 0 |
| 050 04 - LIBRARY OF CONGRESS CALL NUMBER | |
| Classification number | DS326 |
| 082 04 - DEWEY DECIMAL CLASSIFICATION NUMBER | |
| Classification number | 327.53 |
| Author Mark | SEC 2011 |
| 245 00 - TITLE STATEMENT | |
| Title | Security in the gulf : |
| Remainder of title | historical legacies and future prospects / |
| Statement of responsibility, etc. | Matteo Legrenzi. |
| 250 ## - EDITION STATEMENT | |
| Edition statement | 1st ed. |
| 260 ## - PUBLICATION, DISTRIBUTION, ETC. | |
| Place of publication, distribution, etc. | [S.l.] : |
| Name of publisher, distributor, etc. | Routledge, |
| Date of publication, distribution, etc. | 2010. |
| 300 ## - PHYSICAL DESCRIPTION | |
| Extent | 176 p. ; |
| Dimensions | 25 cm. |
| 520 ## - SUMMARY, ETC. | |
| Summary, etc. | This book examines Gulf Security in a holistic way seeing past the narrow military aspect and also trying to debunk the conventional narratives propagated by regional and external actors. In particular, the emphasis is be on the historical legacy of Gulf security and the fundamental domestic and international vulnerabilities of the various states in the region. This approach proves important in light of the recent efforts by Gulf states to recast their position in the international arena trying to peddle an image of self-assertiveness and autonomy in the security sphere. These new diplomatic stances do not seem to be borne out by their current security policies that are marked by apparent continuity with past practices. In particular, the new Gulf-Asia nexus and the claims by Gulf monarchies that regional confidence building measures are appearing on the horizon are placed under critical scrutiny. This is done by a sobering examination of the balance of threat in the region, the historical amity/enmity patterns and the evolving American stance. A shorter, modified version of this book was previously published as a special issue of the British Journal of Middle Eastern Studies . |
| 650 #0 - SUBJECT ADDED ENTRY--TOPICAL TERM | |
| Topical term or geographic name entry element | International relations |
| 650 #0 - SUBJECT ADDED ENTRY--TOPICAL TERM | |
| Topical term or geographic name entry element | Middle East--Persian Gulf Region |
| 650 #0 - SUBJECT ADDED ENTRY--TOPICAL TERM | |
| Topical term or geographic name entry element | Military relations |
| 650 #0 - SUBJECT ADDED ENTRY--TOPICAL TERM | |
| Topical term or geographic name entry element | National security |
| 650 #0 - SUBJECT ADDED ENTRY--TOPICAL TERM | |
| Topical term or geographic name entry element | Security, International |
| 700 1# - ADDED ENTRY--PERSONAL NAME | |
| Personal name | Legrenzi, Matteo. |
| 856 40 - ELECTRONIC LOCATION AND ACCESS | |
| Materials specified | Amazon.com |
| Uniform Resource Identifier | <a href="http://www.amazon.com/exec/obidos/ASIN/041558776X/chopaconline-20">http://www.amazon.com/exec/obidos/ASIN/041558776X/chopaconline-20</a> |
| 942 ## - ADDED ENTRY ELEMENTS (KOHA) | |
| Source of classification or shelving scheme | |
| Koha item type | Book |
| Withdrawn status | Lost status | Damaged status | Not for loan | Collection code | Permanent Location | Current Location | Shelving location | Date acquired | Total Checkouts | Full call number | Barcode | Date last seen | Price effective from | Koha item type |
|---|---|---|---|---|---|---|---|---|---|---|---|---|---|---|
| Centre for International Peace & Stability (CIPS) | Centre for International Peace & Stability (CIPS) | General Stacks | 09/16/2013 | 327.53 SEC 2011 | CIPS0001082 | 12/13/2013 | 12/13/2013 | Book |
